| 000 | 00914nam a22002537a 4500 | ||
|---|---|---|---|
| 003 | OSt | ||
| 005 | 20260530115319.0 | ||
| 008 | 260508b2002 enka|||| |||| 00| 0 eng d | ||
| 020 | _a0470844418 | ||
| 040 |
_aICI _bspa _cICI |
||
| 050 |
_aNA2543.S6 _bT69 1994 |
||
| 100 | 1 |
_aToy, Maggie, _eautora. _934130 |
|
| 245 | 1 | 0 |
_aRealms of impossibility : _bwater / _cMaggie Toy. |
| 300 |
_a200 páginas : _bilustraciones (algunas en color), planos ; |
||
| 500 | _aEstudio sobre el uso conceptual y espacial del agua en la arquitectura contemporánea. | ||
| 504 | _aIncluye referencias bibliográficas. | ||
| 650 | 0 |
_aArquitectura y agua. _934131 |
|
| 650 | 0 |
_aAgua en la arquitectura. _934132 |
|
| 650 | 0 |
_aArquitectura contemporánea _ySiglo XX. _934133 |
|
| 650 | 0 | _aDiseño arquitectónico. | |
| 650 | 0 |
_aPaisajismo acuático. _934135 |
|
| 650 | 0 |
_aEspacios urbanos _xDiseño ambiental. _934136 |
|
| 942 |
_2lcc _cBK _n1 |
||
| 999 |
_c13699 _d13699 |
||